[Event "Madrid ch 2021-2022 Final"]
[Site "Madrid ESP"]
[Date "2022.05.31"]
[Round "7.6"]
[White "Barez Menendez, Hector"]
[Black "Rottenwohrer Suarez, Juan"]
[Result "0-1"]
[WhiteElo "2066"]
[BlackElo "2256"]
[PlyCount "98"]
[EventDate "2022.05.25"]
[EventType "swiss"]
[EventRounds "7"]
[EventCountry "ESP"]
[SourceTitle "Ajedrez en Madrid"]
[Source "lmi"]
[SourceDate "2022.05.26"]
[SourceVersion "1"]
[SourceVersionDate "2022.05.31"]
[SourceQuality "1"]

1. d4 Nf6 2. Nf3 e6 3. c4 Bb4+ 4. Nbd2 b6 5. e3 Bb7 6. Bd3 O-O 7. O-O d5 8. a3
Be7 9. b4 c5 10. bxc5 bxc5 11. dxc5 Nbd7 12. Nb3 Nxc5 13. Nxc5 Bxc5 14. Bb2 Qe7
15. cxd5 Nxd5 16. Qa4 Rfd8 17. Bd4 Bxd4 18. Nxd4 e5 19. Nf5 Qg5 20. Qe4 Rd7 21.
Ng3 g6 22. Qa4 Rad8 23. Ne4 Qe7 24. Bb5 Nb6 25. Qxa7 Bxe4 26. Qxb6 Rd2 27. Bc6
R2d6 28. Qxd8+ Rxd8 29. Bxe4 Rd2 30. a4 Qb4 31. Bc6 Rc2 32. Rac1 Rxc1 33. Rxc1
Qd2 34. Rf1 h5 35. h4 Kg7 36. g3 f5 37. Rb1 Kf6 38. Be8 Qa5 39. Rc1 g5 40.
hxg5+ Kxg5 41. Rc6 Kg4 42. Kg2 Qd5+ 43. Kh2 Qd2 44. Kg2 Qd5+ 45. Kh2 f4 46.
exf4 exf4 47. gxf4 Qd4 48. Kg1 Kh3 49. Bxh5 Qa1+ 0-1

[Event "Madrid ch 2021-2022 Final"]
[Site "Madrid ESP"]
[Date "2022.05.31"]
[Round "7.7"]
[White "De La Puerta Cresis, Javier"]
[Black "Simonyan, Arturo"]
[Result "1-0"]
[WhiteElo "2128"]
[BlackElo "1895"]
[PlyCount "65"]
[EventDate "2022.05.25"]
[EventType "swiss"]
[EventRounds "7"]
[EventCountry "ESP"]
[SourceTitle "Ajedrez en Madrid"]
[Source "lmi"]
[SourceDate "2022.05.26"]
[SourceVersion "1"]
[SourceVersionDate "2022.05.31"]
[SourceQuality "1"]

1. d4 d5 2. c4 e5 3. dxe5 d4 4. a3 Nc6 5. Nf3 Bg4 6. Nbd2 Qe7 7. Qa4 O-O-O 8.
h3 Bh5 9. g4 Bg6 10. Bg2 f6 11. b4 Kb8 12. exf6 Nxf6 13. O-O h5 14. g5 Ne4 15.
Nxe4 Bxe4 16. Bf4 Qf7 17. Bg3 d3 18. Ne5 Nxe5 19. Bxe4 dxe2 20. Rfe1 Nf3+ 21.
Kh1 Nxe1 22. Qb5 Qf3+ 23. Bxf3 Nxf3 24. Bxc7+ Kxc7 25. Qa5+ b6 26. Qxa7+ Kc6
27. b5+ Kc5 28. Qc7+ Kd4 29. Qxd8+ Kc3 30. Qe8 Nd4 31. Rc1+ Kb2 32. Qe3 Nc2 33.
Qd2 1-0

[Event "Madrid ch 2021-2022 Final"]
[Site "Madrid ESP"]
[Date "2022.05.31"]
[Round "7.8"]
[White "Rey Martinez, Jaime"]
[Black "Centeno Mendoza, Julio Stefano"]
[Result "1-0"]
[WhiteElo "2055"]
[BlackElo "2050"]
[PlyCount "47"]
[EventDate "2022.05.25"]
[EventType "swiss"]
[EventRounds "7"]
[EventCountry "ESP"]
[SourceTitle "Ajedrez en Madrid"]
[Source "lmi"]
[SourceDate "2022.05.26"]
[SourceVersion "1"]
[SourceVersionDate "2022.05.31"]
[SourceQuality "1"]

1. e4 e5 2. Nf3 Nc6 3. Nc3 Nf6 4. Bb5 Bb4 5. O-O O-O 6. Bxc6 dxc6 7. d3 Re8 8.
h3 h6 9. Ne2 Nh5 10. Ng3 Nxg3 11. fxg3 Bf8 12. g4 Be7 13. Qe1 Bg5 14. Qg3 f6
15. h4 Bxc1 16. Raxc1 g5 17. Rf2 Kg7 18. Rcf1 Qd6 19. hxg5 hxg5 20. Nxg5 fxg5
21. Rf7+ Kg8 22. Qh3 Qg6 23. R7f6 Qh7 24. Rf8+ 1-0

[Event "Madrid ch 2021-2022 Final"]
[Site "Madrid ESP"]
[Date "2022.05.31"]
[Round "7.9"]
[White "Tenorio Garcia, Joel"]
[Black "Neagu, Roberto Florin"]
[Result "1-0"]
[WhiteElo "2027"]
[BlackElo "2076"]
[PlyCount "73"]
[EventDate "2022.05.25"]
[EventType "swiss"]
[EventRounds "7"]
[EventCountry "ESP"]
[SourceTitle "Ajedrez en Madrid"]
[Source "lmi"]
[SourceDate "2022.05.26"]
[SourceVersion "1"]
[SourceVersionDate "2022.05.31"]
[SourceQuality "1"]

1. e4 c5 2. Nf3 Nc6 3. d4 cxd4 4. Nxd4 Nf6 5. Nc3 e5 6. Ndb5 d6 7. Bg5 a6 8.
Na3 b5 9. Nd5 Be7 10. Bxf6 Bxf6 11. c3 Bg5 12. Nc2 Rb8 13. a4 bxa4 14. Ncb4 Bd7
15. Bxa6 Ne7 16. O-O O-O 17. Kh1 Nxd5 18. Qxd5 Rb6 19. Qd3 g6 20. Qe2 Kh8 21.
Bc4 f5 22. exf5 gxf5 23. Nd5 Rb8 24. f4 exf4 25. Nxf4 Qb6 26. Qd2 Rfe8 27. Rae1
Bxf4 28. Qxf4 Qc5 29. Qh4 d5 30. Qf6+ Kg8 31. Rxe8+ Rxe8 32. Rf3 f4 33. Qxf4
Re1+ 34. Bf1 Qe7 35. h3 Bb5 36. Rg3+ Kh8 37. Qd4+ 1-0

[Event "Madrid ch 2021-2022 Final"]
[Site "Madrid ESP"]
[Date "2022.05.31"]
[Round "7.10"]
[White "Horcajuelo Rocamora, Martin"]
[Black "Gueler Berdasco, Martin"]
[Result "1-0"]
[WhiteElo "2126"]
[BlackElo "1946"]
[PlyCount "59"]
[EventDate "2022.05.25"]
[EventType "swiss"]
[EventRounds "7"]
[EventCountry "ESP"]
[SourceTitle "Ajedrez en Madrid"]
[Source "lmi"]
[SourceDate "2022.05.26"]
[SourceVersion "1"]
[SourceVersionDate "2022.05.31"]
[SourceQuality "1"]

1. d4 Nf6 2. c4 e6 3. Nf3 d5 4. Nc3 Be7 5. g3 O-O 6. Bg2 Nbd7 7. O-O c5 8. cxd5
exd5 9. Bf4 b6 10. dxc5 Nxc5 11. Nd4 Bb7 12. Nf5 Nce4 13. Nxe4 Nxe4 14. Bxe4
dxe4 15. Nxe7+ Qxe7 16. Bd6 Qg5 17. Bxf8 Rxf8 18. e3 h5 19. Qd6 Ba6 20. Rfd1
Bd3 21. Rac1 Qg4 22. Re1 g5 23. Qf6 h4 24. h3 Qh5 25. g4 Qg6 26. Qxg6+ fxg6 27.
Rc7 Rf7 28. Rec1 a5 29. Rxf7 Kxf7 30. Rc7+ 1-0